000 00204 a2200085 4500
020 _a9781431021130
082 _aST 372.7 MATH
100 _aOrson Roberts
_9192016
245 _aMathematical Litercy NQF Level 3
999 _c772440
_d772439
942 _w493
_xDumsane Maphangela
_y493
_zDumsane Maphangela